Personnages principaux (jouables) des jeux Far Cry - Statistiques

Statistiques générales
  • Ce quiz a été pris 11 fois
  • Le résultat moyen est 2 sur 18
Statistiques - réponses
Jeu Type de quiz Personnage principal jouable % Correct
Far Cry 4 Jeu principal Ajay Ghale
86%
Far Cry 3 Jeu principal Jason Brody
43%
Far Cry 6 Jeu principal Dani Rojas
14%
Far Cry Primal Jeu spin-off Takkar
14%
Far Cry 2 Jeu principal André Hyppolite
0%
Far Cry 2 Jeu principal Frank Bilders
0%
Far Cry 2 Jeu principal Hakim Echebbi
0%
Far Cry Jeu principal Jack Carver
0%
Far Cry Instincts Jeu spin-off Jack Carver
0%
Far Cry Instincts Evolution Jeu spin-off Jack Carver
0%
Far Cry Vengeance Jeu spin-off Jack Carver
0%
Far Cry 2 Jeu principal Josip Idromeno
0%
Far Cry 2 Jeu principal Marty Alencar
0%
Far Cry 2 Jeu principal Paul Ferenc
0%
Far Cry 2 Jeu principal Quarbani Singh
0%
Far Cry 3: Blood Dragon Jeu spin-off Rex Colt
0%
Far Cry 2 Jeu principal Warren Clyde
0%
Far Cry 2 Jeu principal Xianyongbai
0%
Aucun quiz correspondant
Distribution des résultats
% des personnes avec chaque résultat
Percentile par nombre de réponses
Votre historique - résultats
Vous n’avez pas pris ce quiz